Law of sale of goods / (Record no. 81308)

MARC details
000 -LEADER
fixed length control field 00955nam a22002777a 4500
005 - DATE AND TIME OF LATEST TRANSACTION
control field 20181112171535.0
010 ## - LCCN (DPL NO)
LC control number ENG-108818
020 ## - INTERNATIONAL STANDARD BOOK NUMBER
International Standard Book Number 9780198092223
Terms of availability 425.00
020 ## - INTERNATIONAL STANDARD BOOK NUMBER
International Standard Book Number 0198092229
Terms of availability 425.00
035 ## - SYSTEM CONTROL NUMBER
System control number EN-92351
035 ## - SYSTEM CONTROL NUMBER
System control number B-534970-978
035 ## - SYSTEM CONTROL NUMBER
System control number B-664573
037 ## - SOURCE OF ACQUISITION
Source of stock number/acquisition DBAD/PUB
037 ## - SOURCE OF ACQUISITION
Source of stock number/acquisition BSB/Ven
Stock number dpl
082 ## - DEWEY DECIMAL CLASSIFICATION NUMBER
Classification number 346.5402
082 ## - DEWEY DECIMAL CLASSIFICATION NUMBER
Classification number 346.072
100 ## - MAIN ENTRY--PERSONAL NAME
Personal name Pathak, Akhileshwar
245 ## - TITLE STATEMENT
Title Law of sale of goods /
Statement of responsibility, etc by Akhileshwar Pathak
260 ## - PUBLICATION, DISTRIBUTION, ETC. (IMPRINT)
Place of publication, distribution, etc New Delhi
Name of publisher, distributor, etc Oxford University Press
Date of publication, distribution, etc 2013
270 ## - ADDRESS
Address YMCA Library Builbing, 1 Jai Singh Road
City New Delhi
Postal code 110001
300 ## - PHYSICAL DESCRIPTION
Extent xii,250p.
Dimensions 24cm(Hb)
500 ## - GENERAL NOTE
General note Includes index
942 ## - ADDED ENTRY ELEMENTS (KOHA)
Source of classification or shelving scheme Dewey Decimal Classification
Item type English Books
Call number suffix PAT
Classification part 346.072
Holdings
Withdrawn status Lost status Not for loan Collection code Home library Current library Date acquired Source of acquisition Cost, normal purchase price Full call number Barcode Copy number Cost, replacement price Koha item type
      Non-fiction Ashok Vihar Ashok Vihar 05/07/2017 BPPD/EN/2013-14/AV/2016-17/363/BSB/IN503/28.02.2017/06.03.2017 425.00 346.072 PAT B-664573 1 425.00 English Books
      Non-fiction Central Library Central Library 25/08/2014 BSB/IN606/27.03.2014/143/25.03.2014/29.03.2014 425.00 346.072 PAT B-534970 1 425.00 English Books
    Not For Loan Reference Central Library Central Library 25/08/2014 BSB/IN606/27.03.2014/143/25.03.2014/29.03.2014 425.00 346.072 PAT B-534971 1 425.00 English Books
    Not For Loan Non-fiction D.B.Act.Division D.B.Act.Division 19/12/2013 DBAD/PUB 425.00 346.5402 PAT EN-92351 1 425.00 English Books
      Non-fiction Karol Bagh Karol Bagh 25/08/2014 BSB/IN606/27.03.2014/143/25.03.2014/29.03.2014 425.00 346.072 PAT B-534976 1 425.00 English Books
      Non-fiction Narela Narela 25/08/2014 BSB/IN606/27.03.2014/143/25.03.2014/29.03.2014 425.00 346.072 PAT B-534977 1 425.00 English Books
      Non-fiction Patel Nagar Patel Nagar 25/08/2014 BSB/IN606/27.03.2014/143/25.03.2014/29.03.2014 425.00 346.072 PAT B-534972 1 425.00 English Books
      Non-fiction R.K.Puram-8 R.K.Puram-8 25/08/2014 BSB/IN606/27.03.2014/143/25.03.2014/29.03.2014 425.00 346.072 PAT B-534974 1 425.00 English Books
      Non-fiction Sarojini Nagar Sarojini Nagar 25/08/2014 BSB/IN606/27.03.2014/143/25.03.2014/29.03.2014 425.00 346.072 PAT B-534973 1 425.00 English Books
      Non-fiction Shahdara Branch Shahdara Branch 25/08/2014 BSB/IN606/27.03.2014/143/25.03.2014/29.03.2014 425.00 346.072 PAT B-534978 1 425.00 English Books
      Non-fiction Vinoba Puri Vinoba Puri 25/08/2014 BSB/IN606/27.03.2014/143/25.03.2014/29.03.2014 425.00 346.072 PAT B-534975 1 425.00 English Books

© Delhi Public Library
Hit Counter
free hit counter